000 00577nam a2200181Ia 4500
003 GCL
008 140319s9999 xx 000 0 ara d
040 _aGCL /
_cGCL
082 0 4 _a811.9
_bم ف
100 1 _aمحمد عيد ابراهيم
245 1 0 _aقبر لينقض : شعر (هدية من الاديب عبدالفتاح الجمل) /
_cمحمد عيد ابراهيم
300 _a79 ص
490 _a
650 0 4 _aالادب العربى
650 0 4 _aالعصر الحديث
650 0 4 _aالشعر العربى - دواوين وقصائد
942 _2ddc
_cBK
999 _c40477
_d40477